Organizational change / (Record no. 2152)
[ view plain ]
| 000 -LEADER | |
|---|---|
| fixed length control field | 00856nam a22002655a 4500 |
| 008 - FIXED-LENGTH DATA ELEMENTS--GENERAL INFORMATION | |
| fixed length control field | 090402t2006 enka|||frb||| 001 0 eng d |
| 010 ## - LIBRARY OF CONGRESS CONTROL NUMBER | |
| LC control number | 2005058111 |
| 020 ## - INTERNATIONAL STANDARD BOOK NUMBER | |
| International Standard Book Number | 9780273695981 (pbk.) |
| 020 ## - INTERNATIONAL STANDARD BOOK NUMBER | |
| International Standard Book Number | 0273695983 (pbk.) |
| 040 ## - CATALOGING SOURCE | |
| Original cataloging agency | EG-ScBUE |
| Language of cataloging | eng |
| Transcribing agency | EG-ScBUE |
| 082 04 - DEWEY DECIMAL CLASSIFICATION NUMBER | |
| Classification number | 658.406 |
| Item number | SEN |
| Edition number | 22 |
| 100 1# - MAIN ENTRY--PERSONAL NAME | |
| Personal name | Senior, Barbara. |
| 9 (RLIN) | 3051 |
| 245 10 - TITLE STATEMENT | |
| Title | Organizational change / |
| Statement of responsibility, etc | Barbara Senior, Jocelyne Fleming. |
| 250 ## - EDITION STATEMENT | |
| Edition statement | 3rd ed. |
| 260 ## - PUBLICATION, DISTRIBUTION, ETC. (IMPRINT) | |
| Place of publication, distribution, etc | Endinburgh Gate : |
| Name of publisher, distributor, etc | Financial Times Prentice Hall, |
| Date of publication, distribution, etc | 2006. |
| 300 ## - PHYSICAL DESCRIPTION | |
| Extent | xxi,436 p. : |
| Other physical details | col. ill. |
| Dimensions | 23 cm. |
| 500 ## - GENERAL NOTE | |
| General note | Indexes : p. 424-436. |
| 504 ## - BIBLIOGRAPHY, ETC. NOTE | |
| Bibliography, etc | Includes bibliographical references. |
| 590 ## - LOCAL NOTE (RLIN) | |
| Local note | Menna Elemam |
| 650 #0 - SUBJECT ADDED ENTRY--TOPICAL TERM | |
| Topical term or geographic name as entry element | Organizational change. |
| 9 (RLIN) | 3052 |
| Source of heading or term | BUEsh |
| 651 ## - SUBJECT ADDED ENTRY--GEOGRAPHIC NAME | |
| Source of heading or term | BUEsh |
| 653 ## - INDEX TERM--UNCONTROLLED | |
| Resource For college | Generalities |
| Arrived date list | August2015 |
| 700 1# - ADDED ENTRY--PERSONAL NAME | |
| Personal name | Fleming, Jocelyne. |
| 9 (RLIN) | 3053 |
| 942 ## - ADDED ENTRY ELEMENTS (KOHA) | |
| Item type | Book - Borrowing |
| Call number prefix | 658.406 SEN |
| Source of classification or shelving scheme | Dewey Decimal Classification |
| Withdrawn status | Item status | Source of classification or shelving scheme | Damaged status | Not for loan | Home library | Current library | Shelving location | Date acquired | Source of acquisition | Total Checkouts | Total Renewals | Full call number | Barcode | Date last seen | Date last borrowed | Koha item type | Vendor | Serial Enumeration / chronology |
|---|---|---|---|---|---|---|---|---|---|---|---|---|---|---|---|---|---|---|
| Dewey Decimal Classification | Central Library | Central Library | First floor | 07/02/2012 | Purchase | 11 | 34 | 658.4 SEN | 000002120 | 15/07/2025 | 21/02/2022 | Book - Borrowing | ||||||
| Dewey Decimal Classification | Central Library | Central Library | First floor | 02/04/2009 | 11 | 10 | 658.4 SEN | 000015837 | 15/07/2025 | 31/03/2019 | Book - Borrowing | Baccah | 88562 | |||||
| Dewey Decimal Classification | Central Library | Central Library | First floor | 02/04/2009 | 6 | 1 | 658.4 SEN | 000015838 | 15/07/2025 | 12/09/2017 | Book - Borrowing | Baccah | 88562 |